01044nam a2200253 a 450000100060000000300090000600800410001502000180005604000280007408200160010210000370011824500530015525000100020826000230021830000100024150502080025165000330045965000340049265000420052665000420056894200120061099900170062295201510063922803CO-ViMGA141112s2004 ck r 000 u spa d a9789587111101 aCO-ViMGAbspacCO-ViMGA04a347.9 P453t1 aPineda Rodriguez, Alfonso93260410aEl título ejecutivo y los procesos ejecutivos a7 ed. aColombia : bLeyer a420p. aClases de titulos ejecutivos, Requisitos del titulo ejecutivo, El proceso ejecutivo, El proceso ejecutivo, Modalidades de los procesos ejecutivos, El proceso ejecutivo para el cobro de titulos valores14aPROCEDIMIENTOS CIVIL 93260514aPROCEDIMIENTOS LABORAL93260614aPROCESOS (DERECHO) - COLOMBIA 93260714aPROCESOS EJECUTIVO - COLOMBIA 932608 2ddccBK c31100d31100 00102ddc40708002aMEVIECARbMEVIECARd2015-12-04hVolumen. 1 | 09/nov/2009l0o347.9 P453t p22803r2015-12-04 00:00:00tEj. 1w2015-12-04yBK